|
|
|
|
| LEADER |
00000nab a2200000 a 4500 |
| 001 |
vtls000903617 |
| 003 |
SK-MaSNL |
| 005 |
20260305021548.0 |
| 008 |
040720|20000314xo 0 slo |
| 035 |
|
|
|a KE12577
|
| 040 |
|
|
|a KEVKJB
|b slo
|c KEVKJB
|e AACR2
|
| 041 |
|
|
|a slo
|
| 044 |
|
|
|a xo
|c SK
|
| 080 |
|
|
|a 885.4-3
|2 1997
|
| 080 |
|
|
|a 929
|2 1997
|
| 100 |
1 |
|
|a Linhardová, Alžbeta
|4 ivr
|9 327418
|
| 245 |
1 |
0 |
|a Schody života
|b S Košičankou Dankou Gregovou o jej prvej knihe
|
| 300 |
|
|
|b 1 obr.
|
| 600 |
1 |
7 |
|a Gregová, Danka,
|d 1962-
|2 KEVKJB
|9 251224
|
| 650 |
0 |
7 |
|a slovenská literatúra
|2 KEVKJB
|9 1115
|
| 650 |
0 |
7 |
|a Schody života (kniha)
|2 KEVKJB
|9 1511317
|
| 651 |
|
7 |
|a Košice (Slovensko)
|2 KEVKJB
|9 18694
|
| 655 |
|
7 |
|a články z novín a časopisov
|2 snkbucl
|9 267496
|
| 655 |
|
7 |
|a rozhovory
|2 KEVKJB
|9 31831
|
| 700 |
1 |
0 |
|a Gregová, Danka,
|d 1962-
|4 ive
|9 251224
|
| 773 |
0 |
8 |
|t Košický večer
|g Roč. 11
|g Roč. 32, č.51, 14.3.2000, s. 6
|
| 852 |
|
|
|a ZVYKNI
|b KIS3GCP
|
| 999 |
|
|
|c 3286921
|d 3288851
|